Ansel's pharmaceutical dosage forms and drug delivery systems /

Guardado en:
Autor Principal: Allen, Loyd V.
Otros Autores: Popovich, Nicholas G., Ansel, Howard C., 1933-
Formato: Libro
Idioma:English
Publicado: Philadelphia : Wolters Kluwer Health/Lippincott Williams & Wilkins, c2011.
Edición:9th ed.
Materias:
Etiquetas: Agregar Etiqueta
Sin Etiquetas, Sea el primero en etiquetar este registro!
LEADER 01063cam a2200277 a 4500
001 EIQ.libpla004305
008 090902s2011####paua#####b####001#0#eng##
005 20121213125328.0
245 1 0 |a Ansel's pharmaceutical dosage forms and drug delivery systems /  |c Loyd V. Allen Jr., Nicholas G. Popovich, Howard C. Ansel. 
250 |a 9th ed. 
260 |a Philadelphia :  |b Wolters Kluwer Health/Lippincott Williams & Wilkins,  |c c2011. 
300 |a viii, 710 p. :  |b il. (algunas col.) ;  |c 26 cm. 
504 |a Incluye referencias bibliográficas e índice. 
020 |a 9780781779340 (alk. paper) 
100 1 |a Allen, Loyd V. 
700 1 |a Popovich, Nicholas G. 
700 1 |a Ansel, Howard C.,  |d 1933- 
246 3 0 |a Pharmaceutical dosage forms and drug delivery systems 
082 0 0 |a 615.1  |2 22 
650 0 |a Drugs  |x Drug delivery  |x Dosage 
650 0 |a Drogas  |x Delivery de fármacos  |x Dosificación 
010 |a  2009036522 
040 |a DNLM/DLC  |c DLC  |d DLC 
050 0 0 |a RS200  |b .A57 2011 
060 |a QV 785  |b A427a 2011 
859 |a AR-BbSID  |b BIB. PLAPIQUI  |h 615.1  |i Al53  |p 6174